000 00636nam a2200217Ia 4500
001 10140
003 GE_BSU
008 181216s||||||||xx |||||||||||||| ||und||
040 _cGE_BSU
080 _a821.353.1+821.353.1-1
100 _aტაბიძე, გალაქტიონ
245 _aთხზულებანი:ტ.3
245 _cპ/მგ.რედ:შ.რადიანი
260 _aთბილისი.
260 _bსახელგამი
260 _c1940
300 _a364გვ.16სმ.
300 _b1ფ.პორტრ.
653 _aთხზულებანი:ტ.3
942 _cBK
999 _c43411
_d43411